68th IIW Annual Assembly and International Conference : High - Strength Materials - Challenges and Applications. Helsinki, Finland, 28th June - 3rd July 2015

Saved in:
Bibliographic Details
Corporate Author: IIW Annual Assembly and International Conference Helsinki, Finland
Format: Conference Proceeding Book
Language:English
Published: [s.l.] : IIW, 2015
Edition:1st ed.
Tags: Add Tag
No Tags, Be the first to tag this record!

MARC

LEADER 00000nam a22000003a 4500
001 0007350
003 SK-STU
005 20151001131738.0
007 ta
008 150928s ----xo-----e------100-0-----d
040 |a STU  |b slo 
041 0 |a eng 
044 |a fi 
111 2 |a IIW Annual Assembly and International Conference  |n 68th  |d 28.6. - 3.7.2015 :  |c Helsinki, Finland 
245 1 0 |a 68th IIW Annual Assembly and International Conference :  |h [elektronický zdroj] :  |b High - Strength Materials - Challenges and Applications. Helsinki, Finland, 28th June - 3rd July 2015 
250 |a 1st ed. 
260 |a [s.l.] :  |b IIW,  |c 2015 
300 |a 1 CD-ROM 
996 |b 284M084492  |c M* CD-2550  |l MMKN  |s A  |a 24  |w 0007350_0001